000 00539nam a2200181Ia 4500
008 151018s9999 xx 000 0 und d
082 _bRBASDV10975
_a891.433
100 _aचंन्दर
245 _aमौत की घाटी मे
250 _b1
260 _bहिंद पॉकेट बुक्स
_c1970
300 _a169
600 _aचंन्दर
630 _aमौत की घाटी मे
700 _aचंन्दर
730 _aमौत की घाटी मे
942 _cBOOK
999 _c1013327
_d1013324